Gaming Quiz

Random Gaming or Pokémon Quiz

Heaviest Pokémon by Type Quiz Stats

 Plays Quiz not verified by Sporcle

Score 0/90 Timer 20:00
0 Plays Today
Type Pokémon % Correct
BugAraquanid (Totem)
100%
NormalSnorlax
97.9%
GroundPrimal Groudon
96.6%
FirePrimal Groudon
96.6%
WaterPrimal Kyogre
93.6%
GroundMega Steelix
92.7%
SteelMega Steelix
92.7%
NormalRegigigas
92.3%
GhostGiratina (Altered)
92.3%
DragonGiratina (Altered)
92.3%
DragonDialga
91%
FightingTerrakion
90.6%
FlyingMega Rayquaza
90.6%
SteelMega Metagross
90.1%
WaterPalkia
90.1%
PsychicMega Metagross
90.1%
NormalArceus
89.7%
FightingCobalion
89.7%
FightingKommo-o (Totem)
89.7%
WaterWailord
89.7%
GrassVirizion
89.7%
FairyXerneas
89.3%
FightingBuzzwole
88.8%
RockAlolan Golem
88.8%
BugBuzzwole
88.8%
ElectricAlolan Golem
88.8%
RockAggron
88.4%
ElectricZekrom
88.4%
FlyingCelesteela
88%
FlyingLugia
88%
Type Pokémon % Correct
SteelCelesteela
88%
FireReshiram
87.6%
IceKyurem
86.7%
DarkMega Tyranitar
86.7%
GrassTorterra
86.3%
DarkYveltal
85.8%
PsychicSolgaleo
85.4%
FlyingGyarados
85%
WaterMega Gyarados
85%
DarkMega Gyarados
85%
PoisonScolipede
84.5%
BugScolipede
84.5%
IceAvalugg
84.5%
PsychicCosmoem
84.1%
DragonGuzzlord
84.1%
DarkGuzzlord
84.1%
PoisonMega Venusaur
83.7%
WaterLapras, Mantine
83.7%
FightingHariyama
83.3%
FireHeatran
83.3%
GroundGolurk
82.8%
GhostGolurk
82.8%
RockRhyperior
80.7%
FireMega Camerupt
79.8%
IceMega Glalie
79.4%
ElectricMagnezone
79%
FairyGardevoir
79%
FairyGranbull
78.5%
GroundZygarde (Complete)
77.3%
DragonZygarde (Complete)
77.3%
Type Pokémon % Correct
ElectricVikavolt (Totem)
76.8%
PsychicHoopa Unbound
76.8%
DarkHoopa Unbound
76.8%
FlyingMantine
76.4%
GrassMega Abomasnow
76.4%
ElectricRaikou
76.4%
RockStakataka
75.9%
SteelStakataka
75.9%
GrassAlolan Exeggutor
75.5%
DragonAlolan Exeggutor
75.5%
GroundMudsdale
75.1%
IceMamoswine
75.1%
GhostDawn Wings Necrozma
74.1%
PsychicDusk Mane Necrozma
74.1%
NormalDrampa
73.8%
BugCrustle
73.4%
BugVikavolt (Totem)
73.4%
RockProbopass
72.1%
FairyMagearna
71.7%
GhostDhelmise
70.8%
GrassDhelmise
70.8%
PoisonGarbodor
70.4%
IceBeartic
70%
PoisonNaganadel
69%
NormalLickilicky
68.7%
GhostPalossand
68.7%
FireTurtonator
67.8%
FairyMr. Mime
67%
PoisonDragalge
63.5%
SteelMelmetal
42.3%

You're not logged in!

Compare scores with friends on all Sporcle quizzes.
OR
Log In

Sporcle TV

Today on Sporcle TV


Watch our educational content, quiz creation guides, and fun videos on Sporcle TV.

Show Comments

Extras

Created Jul 28, 2016ReportNominate
Tags:Pokémon Quiz, heaviest, weight

Top Quizzes Today


Score Distribution

Your Account Isn't Verified!

In order to create a playlist on Sporcle, you need to verify the email address you used during registration. Go to your Sporcle Settings to finish the process.

Report this User

Report this user for behavior that violates our Community Guidelines.

Details: